Statistics for Test Cricket Captains of Sri Lanka

Click here to take the quiz!

General Stats

  • This quiz has been taken 128 times
  • The average score is 8 of 13

Answer Stats

Time PeriodCaptain% Correct
2009-11Kumar Sangakkara
93%
2005-13Mahela Jayawardene
90%
1989-99Arjuna Ranatunga
85%
1996-99Aravinda de Silva
83%
2012-Angelo Mathews
79%
1999-2003Sanath Jayasuriya
78%
1982-83Somachandra de Silva
70%
2011-12Tillakaratne Dilshan
66%
2003-06Marvan Atapattu
56%
1981-87Duleep Mendis
50%
1981-83Bandula Warnapura
27%
1998-2004Hashan Tillakaratne
26%
1987-88Ranjan Madugalle
20%

Score Distribution

Percentile by Number Answered

Percent of People with Each Score

Your Score History

You have not taken this quiz